Movies Quiz

Random Movies Quiz

Arnie Movies Quiz Stats

 Plays Quiz not verified by Sporcle

Challenge
Share
Tweet
Embed
Score 0/27 Timer 06:00
0 Plays Today
Year Answer % Correct
1984Terminator
97.5%
1991Terminator 2
94.7%
2003Terminator 3
88.4%
1987Predator
88.4%
1988Twins
84.7%
1982Conan The Barbarian
83.7%
1985Commando
82.2%
1990Total Recall
78.4%
2010The Expendables
76.9%
1994True Lies
72.1%
1990Kindergarden Cop
69.1%
1996Jingle All The Way
68.6%
1984Conan The Destroyer
67.3%
1993Last Action Hero
65.3%
Year Answer % Correct
1994Junior
63.8%
1996Eraser
62.8%
1999End Of Days
60.6%
1987The Running Man
58.8%
1988Red Heat
57.5%
1969Hercules In New York
53%
1985Red Sonja
49.7%
2000The 6th Day
43%
1986Raw Deal
43%
2002Collateral Damage
41%
1997Batman And Robin
37.9%
2004Around The World In 80 Days
26.6%
2003Welcome To The Jungle
7.5%

You're not logged in!

Compare scores with friends on all Sporcle quizzes.
OR
Log In

You Might Also Like...

Show Comments

Extras

Created Aug 26, 2010ReportNominate
Tags:arnie

Top Quizzes Today


Score Distribution

Your Account Isn't Verified!

In order to create a playlist on Sporcle, you need to verify the email address you used during registration. Go to your Sporcle Settings to finish the process.

Report this User

Report this user for behavior that violates our Community Guidelines.

Details: